Phương pháp dạy học hóa học Hướng dẫn thực hành và giải bài tập hoá học T.3 Phương pháp dạy học hóa học

Kĩ thuật và phương pháp tiến hành các thí nghiệm hoá học ở trường trung học cơ sở, giải bài tập hoá học thuộc chương trình hoá học ở trường trung học cơ sở

সংরক্ষণ করুন:
গ্রন্থ-পঞ্জীর বিবরন
প্রধান লেখক: Nguyễn Cương
অন্যান্য লেখক: Nguyễn Mạnh Dung (b.s.)
বিন্যাস: গ্রন্থ
ভাষা:Vietnamese
প্রকাশিত: H. Đại học Sư phạm 2008
সংস্করন:Tái bản lần thứ 1, có sửa chữa
বিষয়গুলি:
ট্যাগগুলো: ট্যাগ যুক্ত করুন
কোনো ট্যাগ নেই, প্রথমজন হিসাবে ট্যাগ করুন!
Thư viện lưu trữ: Mạng thư viện Đại học Đà Nẵng
LEADER 02107aam a22004458a 4500
001 000023106
003 19555
005 20150529150540.0
008 150529s2008 viesd
020 |c 23000đ  |d 1000b 
041 0 |a vie 
082 1 4 |2 14  |a 540.712  |b NG-C 
100 1 |a Nguyễn Cương 
245 1 0 |a Phương pháp dạy học hóa học  |b Hướng dẫn thực hành và giải bài tập hoá học  |c Nguyễn Cương (ch.b.), Nguyễn Mạnh Dung  |n T.3  |p Phương pháp dạy học hóa học 
250 |a Tái bản lần thứ 1, có sửa chữa 
260 |a H.  |b Đại học Sư phạm  |c 2008 
300 |a 128 tr.  |b bảng, hình vẽ  |c 24 cm. 
500 |a Đầu bìa sách ghi: Bộ Giáo dục và Đào tạo. Dự án Đào tạo giáo viên THCS 
504 |a Thư mục: tr. 128 
520 |a Kĩ thuật và phương pháp tiến hành các thí nghiệm hoá học ở trường trung học cơ sở, giải bài tập hoá học thuộc chương trình hoá học ở trường trung học cơ sở 
650 0 4 |2 Bộ TK TVQG  |a Hóa học  |x Dạy và học 
650 0 4 |2 Bộ TK TVQG  |a Hóa học  |x Giáo dục trung học 
650 7 |2 Bộ TK TVQG 
653 |a Hóa học 
653 |a Phương pháp giảng dạy 
653 |a Giáo dục trung học 
655 7 |2 Bộ TK TVQG  |a Giáo trình 
700 1 |a Nguyễn Mạnh Dung  |e b.s. 
773 |b Tái bản lần thứ 1, có sửa chữa  |d H.  |d 2008  |d Đại học Sư phạm  |t Giáo trình phương pháp dạy học hoá học  |w 409872 
773 |b Tái bản lần 1  |d Đại học Sư Phạm  |d H.  |d 2008  |t Phương pháp dạy học Hóa học  |w 19554 
OWN |a LSP 
AVA |a UDN50  |b LSP  |d 540.712 NG-C  |e check_holdings  |t Error 5003 Not defined in file expand_doc_bib_avail.  |h N  |k 1 
999 |a From the UDN01 
AVA |a UDN50  |b LSP  |d 540.712 NG-C  |e available  |t Error 5001 Not defined in file expand_doc_bib_avail.  |f 20  |g 0  |h N  |i 5  |k 1 
TYP |a Monograph 
TYP |a Printed language 
980 |a Mạng thư viện Đại học Đà Nẵng